000 00335nam a2200133Ia 4500
008 240624s9999 xx 000 0 und d
041 _aeng
082 _a332.6323 WIL
100 _aWILSON RICHARD S
245 _aCORPORATE BONDS
260 _c1995
_aPennsylvania
_bJohn Wiley and Sons
300 _a374 : p. : cm. ; 24
365 _c
_b30
999 _c11118
_d11118